000 00281nam a22001337a 4500
008 170309b xxu||||| |||| 00| 0 eng d
020 _a0070518734
041 _aeng
080 _a611
100 _a6
101 _aSHM
245 _aANATOMY PHYSIOLOGY
_cREITH.E.J
942 _2udc
_cBK
999 _c7310
_d7310